000 00566nam a2200229Ia 4500
003 OSt
005 20220924151744.0
006 a|||||r|||| 00| 0
007 ta
008 220923b |||||||| |||| 00| 0 tel d
024 _a339008
037 _cTextual
040 _aARTS
_cARTS
_btel
041 _2tel
_atel
082 _aY73(P35):3411, 35M7
100 _aSatyavati
245 0 _aTeluguvari intiperlu
260 _c1987
650 _aSOCIOLOGY
942 _hY73(P35):3411, 35M7
_cTEXL
_2CC
999 _c467606
_d467606